Ajouter une Lettre - Statistiques

Statistiques générales
  • Ce quiz a été pris 96 fois
  • Le résultat moyen est 13 sur 28
Statistiques - réponses
Hint Réponse % Correct
Exprime une localisation dans un lieu particulier. Á
92%
Comment les espagniols dit adieu Adios
79%
Ce qui compose votre squelette Os
79%
La symbole de Superman S
79%
Article défini arabe Al
78%
La surface du corps opposée à la poitrine et à l'abdomen Dos
78%
Les deux solstices, d'hiver et d’___ Été
76%
Une boisson sucrée Soda
76%
Le logo de Tesla ressemble à un T
74%
En plus de Et
73%
Un pays d'Afrique de l'Ouest Mali
71%
Pas bon; terrible, même Mal
70%
Qu’on gagne aux joux Olympiques Medaille
67%
Du Danemark Danois
57%
Transpiration abondante Sudation
42%
Défaire en rompant les mailles Démailler
41%
Un ornement du ciel Étoile
35%
Se produisant sans l'avertissement Soudain
35%
Les entretiens basés sur les performances pour un rôle ou un emploi, en particulier dans la musique et le théâtre Auditions
31%
Un film de 2001 avec Audrey Tautou Amelie
29%
Un préfixe latin signifiant la distance Télé
21%
Comment on peut gagner les millions Loterie
17%
Supérieur en capacités ou qualité Élite
10%
Relatif a l’hiver (femme) Hiémale
6%
Monstre mythologique à buste de femme sur un corps de serpent Lamie
5%
Qui a rapport à la moelle épinière ou à la moelle des os Médullaire
5%
Faire, collecter, vendre, et acheter les bibelots Bibeloter
3%
Complètement détruit Oblitéré
2%
Aucun quiz correspondant
Distribution des résultats
% des personnes avec chaque résultat
Percentile par nombre de réponses
Votre historique - résultats
Vous n’avez pas pris ce quiz